Responding to Climate Change (Registro nro. 8088)

Detalles MARC
000 -CABECERA
Campo de control 00393nmm a22001577a 4500
005 - FECHA Y HORA DE LA ULTIMA TRANSACCION
Campo de control 20131218160857.0
008 - ELEMENTOS DE LONGITUD FIJA—INFORMACION GENERAL
Campo de control 131218b2010 ||||| |||| 00| 0 eng d
041 ## - IDIOMA
Código de idioma para texto/pista de sonido o título separado Inglés
090 ## - CLASIFICACIÓN LOCAL
Colección LB
Consecutivo 05884
110 ## - ASIENTO PRINCIPAL--NOMBRE CORPORATIVO
Nombre corporativo o de jurisdicción como elemento de entrada ITAÚ
245 ## - MENCION DE TITULO
Título Responding to Climate Change
260 ## - PUBLICACION, DISTRIBUCION, ETC. (PIE DE IMPRENTA)
Lugar de publicación, distribución, etc. s.l.
Nombre del editor, distribuidor, etc. ITAÚ
-- UNIBANCO
Fecha de publicación, distribución, etc. 2010
300 ## - DESCRIPCION FISICA
Extensión Portal web,
Dimensiones 13 cm
505 ## - NOTA DE CONTENIDO
Nota de contenido Incluye contenido
942 ## - ELEMENTOS ADICIONALES (KOHA)
Sistema de clasificación Local
Tipo de ítem CD-ROM
Existencias
Withdrawn status Lost status Sistema de Clasificación Damaged status No para préstamo Colección Ubicación Permanente Ubicación actual Fecha de adquisición Total Checkouts Número topográfico Inventario / Código de Barras Date last seen Ejemplar Price effective from Forma de adquisición Tipo de material
    Local     Audiovisual Bogotá Bogotá 18/12/2013   LB-05884 058714 18/12/2013 Ej. 1 18/12/2013   CD-ROM